Regierungsbezirk Gumbinnen
| Titel: | Regierungsbezirk Gumbinnen |
|---|---|
| Verfasser: | |
| Veröffentlicht: | Hamburg : Selbstverlag des Vereins / Hans Christoph Surkau, 2020 |
| Umfang: | VIII, 1323-1558, [24] Seiten |
| Format: | Buch |
| Sprache: | Deutsch |
| Schriftenreihe/ mehrbändiges Werk: |
Die Absolventen der höheren Schulen Ost- und Westpreußens 1825 - 1915 ; Teil IV alle Bände anzeigen
Quellen, Materialien und Sammlungen zur altpreußischen Familienforschung ; Nr. 23,6 |
| ISBN: | 9783931577858 |
| Hinweise zum Inhalt: |
Inhaltsverzeichnis
|
alg: 46971596 001A $03004:22-09-20 001B $01999:12-11-20 $t11:35:06.000 001D $03004:22-09-20 001U $0utf8 001X $00 002@ $0AFu 002C $aText $btxt $2rdacontent 002D $aohne Hilfsmittel zu benutzen $bn $2rdamedia 002E $aBand $bnc $2rdacarrier 003@ $0469715960 003O $01196403180 $aOCoLC 004A $A978-3-931577-85-8 007A $0BV046906812 $aBVB 007G $0DE0205AB3B13B647F97FAC125861E0036C72E 009P $qapplication/pdf $A2 $3Inhaltsverzeichnis $uhttp://scans.hebis.de/HEBCGI/show.pl?46971596_toc.pdf $mV:DE-603;B:DE-Mb50 010@ $ager 010E $erda 011@ $a2020 $n2020 013D $RFührer $#Directories $#Répertoires $#Repertorium Verzeichnis $74188171-0 $8Verzeichnis [Ts1] $9085925047 $y1825-1915 $zGumbinnen 021A $aRegierungsbezirk Gumbinnen 028A $BVerfasser $4aut $8Surkau, Hans-Christoph [Tp3] $9458298948 033A $pHamburg $nSelbstverlag des Vereins / Hans Christoph Surkau 034D $aVIII, 1323-1558, [24] Seiten 036C $aDie @Absolventen der höheren Schulen Ost- und Westpreußens 1825 - 1915 $x14 $lTeil IV 036D $x14 $8Die @Absolventen der höheren Schulen Ost- und Westpreußens 1825 - 1915 $9386969841 036E $aQuellen, Materialien und Sammlungen zur altpreußischen Familienforschung $lNr. 23,6 044K $#Ostpreußen $#Ostpreußen $#Provinz Ostpreußen $74075754-7 $8Ostpreußen [Tg1] $9085214493 044K $RGumbinnen $#Gussew $#Gumbinnen $75086269-8 $8Gusev [Tg1] $9044989423 044K $RBildungseinrichtung $#Schools $#Écoles $#Schulwesen $#Schulform $#Schulart $#Schulsystem $#Schulen $74053474-1 $8Schule [Ts1] $9085148385 044K $RSchüler $#High school graduates $#Diplômés de l'enseignement secondaire $#Diplomati $#Schulabgänger $#Schulabsolvent $#Absolvent Schule $74125976-2 $8Schulabgänger [Ts1] $9085426849 044K $RHistorische Hilfswissenschaften $RAbstammung $RLineage $RGenealoge $#Genealogy $#Généalogie $#Genealogie $#Ahnenforschung $#Ahnenkunde $#Familienforschung Genealogie $#Familiengeschichte Genealogie $#Familienkunde $#Historische Familienforschung $#Sippenkunde $#Abstammung Genealogie $#Herkunft Genealogie $74020097-8 $8Genealogie [Ts1] $9085048054 045F $a370.94383209034 $eDDC23BSB 045F/01 $a370.9 045F/03 $f09034 045F/03 $f09041 045F/03 $g43832 045R $aSozialgeschichte 1825-1915 045T $aHIST $qDE-12 $2FID lok: 46971596 11 exp: 46971596 11 1 #EPN 201B/01 $010-11-20 $t11:36:42.000 201C/01 $010-11-20 201U/01 $0utf8 203@/01 $01129161692 208@/01 $a10-11-20 $bz 209A/01 $a60 20 A 2905 $du $f100 $x00 209B/01 $a020/2011 $x05 209G/01 $a84310905 $x00 247C/01 $8620100-3 <43>Wiesbaden, Hochschul- und Landesbibliothek RheinMain, Rheinstraße $9102599572 lok: 46971596 24 exp: 46971596 24 1 #EPN 201B/01 $004-11-20 $t07:39:23.000 201C/01 $022-09-20 201U/01 $0utf8 203@/01 $01123624321 208@/01 $a04-11-20 $bz 209A/01 $a20.03622 $du $f050 $h20 03622 $x00 209C/01 $a20.03622 G $h20 03622 G 209G/01 $a74190898 $x00 220C/01 $ahae 247C/01 $8358050-7Marburg, Bibliothek des Herder-Instituts Marburg $9102600961 lok: 46971596 78 exp: 46971596 78 1 #EPN 201B/01 $028-06-21 $t16:46:46.000 201C/01 $028-06-21 201U/01 $0utf8 203@/01 $01159713944 208@/01 $a28-06-21 $be 209A/01 $a/ $f000 $x00 209A/01 $ab*p $x01 220C/01 $apgar 244Z/01 $#Preußen $#Preußen $#Brandenburg-Preußen $#Königreich Preußen $#Preußische Staaten $#Preußischer Staat $#Der @Preußische Staat $#Königlich Preußische Staaten $#Prusy Królewskie $#Königlich Preußen $#Prussia $74047194-9 $8--Tg1--Preußen $x01 $9085131652 247C/01 $82080>Marburg/Lahn, Herder-Institut, Forschungsbibliothek, Bibliographieportal $9336309341
| LEADER | 00000cam a2200000 cb4500 | ||
|---|---|---|---|
| 001 | 469715960 | ||
| 003 | DE-603 | ||
| 005 | 20201112113506.0 | ||
| 007 | tu | ||
| 008 | 200922s2020 xx |||| | u00||u|ger c | ||
| 020 | |a 9783931577858 | ||
| 035 | |a (DE-599)BVBBV046906812 | ||
| 035 | |a (OCoLC)1196403180 | ||
| 040 | |a DE-603 |b ger |c DE-603 |d DE-603 |e rda | ||
| 041 | |a ger | ||
| 082 | 0 | 4 | |8 1\u |a 370.94383209034 |q DE-101 |2 23/BSB |
| 084 | |a HIST |q DE-12 |2 fid | ||
| 085 | |8 1\u |b 370.9 | ||
| 085 | |8 1\u |z 1 |s 09034 | ||
| 085 | |8 1\u |z 1 |s 09041 | ||
| 085 | |8 1\u |z 2 |s 43832 | ||
| 100 | 1 | |a Surkau, Hans-Christoph |e Verfasser |4 aut |0 (DE-603)458298948 |0 (DE-588)1203888309 |2 gnd | |
| 245 | 0 | 0 | |a Regierungsbezirk Gumbinnen |
| 264 | 1 | |a Hamburg |b Selbstverlag des Vereins / Hans Christoph Surkau |c 2020 | |
| 300 | |a VIII, 1323-1558, [24] Seiten | ||
| 336 | |a Text |b txt |2 rdacontent | ||
| 337 | |a ohne Hilfsmittel zu benutzen |b n |2 rdamedia | ||
| 338 | |a Band |b nc |2 rdacarrier | ||
| 490 | 0 | |a Quellen, Materialien und Sammlungen zur altpreußischen Familienforschung |v Nr. 23,6 | |
| 490 | 1 | |a Die Absolventen der höheren Schulen Ost- und Westpreußens 1825 - 1915 |v Teil IV | |
| 648 | 7 | |a Sozialgeschichte 1825-1915 |2 gnd | |
| 650 | 7 | |a Schule |0 (DE-588)4053474-1 |0 (DE-603)085148385 |2 gnd | |
| 650 | 7 | |a Schulabgänger |0 (DE-588)4125976-2 |0 (DE-603)085426849 |2 gnd | |
| 650 | 7 | |a Genealogie |0 (DE-588)4020097-8 |0 (DE-603)085048054 |2 gnd | |
| 651 | 7 | |a Ostpreußen |0 (DE-588)4075754-7 |0 (DE-603)085214493 |2 gnd | |
| 651 | 7 | |a Gusev |0 (DE-588)5086269-8 |0 (DE-603)044989423 |2 gnd | |
| 655 | 7 | |a Verzeichnis |y 1825-1915 |z Gumbinnen |2 gnd-content |0 (DE-588)4188171-0 |0 (DE-603)085925047 | |
| 800 | 1 | |a Surkau, Hans-Christoph |t Die Absolventen der höheren Schulen Ost- und Westpreußens 1825 - 1915 |v Teil IV |w (DE-603)386969841 |9 14 |7 am | |
| 856 | 4 | 2 | |m V:DE-603;B:DE-Mb50 |q application/pdf |u http://scans.hebis.de/HEBCGI/show.pl?46971596_toc.pdf |3 Inhaltsverzeichnis |
| 924 | 0 | |9 43 |a (DE-603)1129161692 |b DE-43 |c HES |d c |g 60 20 A 2905 | |
| 924 | 0 | |9 Mb 50 |a (DE-603)1123624321 |b DE-Mb50 |c HES |d c |g 20.03622 | |
| 924 | 0 | |9 2080 |a (DE-603)1159713944 |b DE-2080 |c HES |d d |g / | |
alle Bände anzeigen

